000 00401 a2200121 4500
001 ART_15802
005 20260410161918.0
008 260409a
245 1 0 _aAnalisis de una propuesta de balance social
100 1 _aFronti de García, Luisa
700 1 _aCarballo, Mónica Andrea
773 0 _tDocumentos de trabajo de contabilidad social
_g- Año 4, Nº 2 (dic. 2011)
_wREV14388
999 _c27479
_d27479